Precalculus: mathematics for calculus/ James Stewart, Lohan Redlin, Saleem Watson. (Record no. 22236)

000 -LEADER
fixed length control field 00621nam a22001937a 4500
020 ## - INTERNATIONAL STANDARD BOOK NUMBER
ISBN 9780357753637
082 ## - DEWEY DECIMAL CLASSIFICATION NUMBER
Classification number 510
Item number St849p 2024
100 ## - MAIN ENTRY--AUTHOR NAME
Personal name Stewart, James, author
245 ## - TITLE STATEMENT
Title Precalculus: mathematics for calculus/ James Stewart, Lohan Redlin, Saleem Watson.
250 ## - EDITION STATEMENT
Edition statement 8th edition.
260 ## - PUBLICATION, DISTRIBUTION, ETC. (IMPRINT)
Place of publication Boston :
Name of publisher Cengage Learning,
Year of publication c2024.
300 ## - PHYSICAL DESCRIPTION
Number of Pages 1 online resource, xxii, 939 pages :
Other physical details illustrations (some color).
500 ## - GENERAL NOTE
General note Includes bibliographical references and index.
650 ## - SUBJECT ADDED ENTRY--TOPICAL TERM
Topical Term Precalculus
650 ## - SUBJECT ADDED ENTRY--TOPICAL TERM
Topical Term Mathematics.
700 ## - ADDED ENTRY--PERSONAL NAME
Personal name Redlin, Lothar
700 ## - ADDED ENTRY--PERSONAL NAME
Personal name Watson, Saleem
942 ## - ADDED ENTRY ELEMENTS (KOHA)
Koha item type Books
Holdings
Source of acquisition Permanent Location Date acquired Collection code Koha item type Lost status Shelving location Withdrawn status Current Location Full call number
DonationsCagayan State University - Carig Library2026-04-16E-BooksElectronic Books E-Resource Section Cagayan State University - Carig Library510 St849p 2024

Cagayan State University University Library, Carig Campus
Tuguegarao City, Cagayan 3500 | www.csucarig.edu.ph

Powered by Koha